Statistics for all taylor swift songs (july 2021)

Click here to take the quiz!

General Stats

  • This quiz has been taken 50 times
  • The average score is 132 of 195

Answer Stats

HintAnswer% Correct
1fearless
94%
16ME!
94%
4speak now
94%
2red
91%
622
88%
lover (with shawn mendes)
88%
3love story
88%
15 (deluxe)ours
88%
5all too well
85%
5dear john
85%
2fifteen
85%
8we are never ever getting back together
85%
1welcome to new york
85%
6you belong with me
85%
8august
82%
2blank space
82%
5delicate
82%
12dress
82%
8gorgeous
82%
4hey stephen
82%
3lover
82%
10mary's song (oh my my my)
82%
1mine
82%
11our song
82%
2picture to burn
82%
3teardrops on my guitar
82%
1tim mcgraw
82%
14you need to calm down
82%
3back to december
79%
8bad blood
79%
2cruel summer
79%
9getaway car
79%
6look what you made me do
79%
6mean
79%
22 (from the vault)mr. perfectly fine
79%
4out of the woods
79%
1...ready for it?
79%
6shake it off
79%
1the 1
79%
5white horse
79%
14betty
76%
7breathe
76%
2cardigan
76%
4don't blame me
76%
9enchanted
76%
15evermore
76%
11forever & always
76%
16 (platinum)forever and always (piano version)
76%
10how you get the girl
76%
3i did something bad
76%
14long live
76%
15new year's day
76%
2sparks fly
76%
5the archer
76%
10the way i loved you
76%
5cold as you
74%
9cornelia street
74%
2end game
74%
4exile
74%
4i knew you were trouble
74%
13 (deluxe)invisible
74%
6i think he knows
74%
14 (platinum)jump then fall
74%
10king of my heart
74%
13last kiss
74%
12soon you'll get better
74%
1state of grace
74%
3style
74%
17 (bonus track)the lakes
74%
19 (platinum)the other side of the door
74%
6the outside
74%
7the story of us
74%
11this love
74%
3treacherous
74%
15afterglow
71%
16begin again
71%
10better than revenge
71%
14call it what you want
71%
13change
71%
13clean
71%
17 (platinum)come in with the rain
71%
18daylight
71%
8dorothea
71%
19 (deluxe)girl at home
71%
1i forgot that you existed
71%
16 (deluxe)if this was a movie
71%
12 (deluxe)i'm only me when i'm with you
71%
11london boy
71%
7miss americana & the heartbreak prince
71%
5my tears ricochet
71%
8never grow up
71%
8paper rings
71%
7so it goes...
71%
15starlight
71%
9stay stay stay
71%
17 (deluxe)superman
71%
18 (platinum)superstar
71%
12the best day
71%
3the last great american dynasty
71%
10the last time
71%
4the man
71%
1willow
71%
5all you had to do was stay
68%
4a place in this world
68%
26 (from the vault)bye bye baby
68%
2champagne problems
68%
18 (deluxe)come back...be here
68%
25 (from the vault)don't you
68%
12haunted
68%
11invisible string
68%
17it's nice to have a friend
68%
10ivy
68%
7i wish you would
68%
6mirrorball
68%
16 (deluxe)new romantics
68%
6no body, no crime
68%
15peace
68%
7seven
68%
9should've said no
68%
8stay beautiful
68%
24 (from the vault)that's when
68%
13this is why we can't have nice things
68%
7tied together with a smile
68%
15 (platinum)untouchable
68%
9wildest dreams
68%
14 (deluxe)wonderland
68%
9coney island
65%
11cowboy like me
65%
10death by a thousand cuts
65%
13epiphany
65%
14everything has changed
65%
13false god
65%
16hoax
65%
11holy ground
65%
10illicit affairs
65%
11innocent
65%
taylor swift holiday collectionlast christmas
65%
13marjorie
65%
8tell me why
65%
9this is me trying
65%
21 (from the vault)you all over me
65%
15 (deluxe)you are in love
65%
9you're not sorry
65%
7i almost do
62%
12i know places
62%
17 (bonus track)it's time to go
62%
12sad beautiful tragic
62%
13the lucky one
62%
17 (deluxe)the moment i knew
62%
4'tis the damn season
62%
20 (non-album single)today was a fairytale
62%
14 (deluxe)a perfectly good heart
59%
11dancing with our hands tied
59%
7happiness
59%
i don't wanna live forever (with zayn)
59%
12mad woman
59%
23 (from the vault)we were happy
59%
christmas tree farm
56%
14closure
56%
3gold rush
56%
i heart ?
56%
12long story short
56%
16 (bonus track)right where you left me
56%
ronan
56%
santa baby
56%
5tolerate it
56%
white christmas
56%
babe (with sugarland)
53%
eyes open
53%
safe & sound (with the civil wars)
53%
silent night
53%
sweeter than fiction
53%
christmases when you were mine
50%
christmas must be something more
50%
crazier
50%
singles (non-album)
beautiful eyes
50%
only the young
50%
highway don't care (with tim mcgraw)
47%
renegade (with big red machine)
47%
beautiful ghosts
44%
both of us (with b.o.b)
44%
gasoline (with haim)
44%
unreleasedi'd lie
44%
permanent marker
41%
half of my heart (with j*hn m*yer)
38%
macavity
38%
this is what you came for (for c*lvin h*rris and rihanna)
38%
battle (let's go)
35%
better man (for little big town)
35%
features/collabstwo is better than one (with boys like girls)
35%
birch (with big red machine)
29%
songwriting creditsbest days of your life (for kellie pickler)
24%
didn't they
24%
thug story (with t-pain)
24%
you'll always find your way back home (for miley cyrus)
24%

Score Distribution

Percentile by Number Answered

Percent of People with Each Score

Your Score History

You have not taken this quiz